Central Library OPAC University of Rajshahi

Causes and effects / (Record no. 37002)

MARC details
000 -LEADER
fixed length control field 01029nam a2200325 a 4500
001 - CONTROL NUMBER
control field 37002
003 - CONTROL NUMBER IDENTIFIER
rucl marc code BD-RjUL
005 - DATE AND TIME OF LATEST TRANSACTION
control field 20211209052551.0
008 - FIXED-LENGTH DATA ELEMENTS--GENERAL INFORMATION
fixed length control field 140930s1983 enka b 00100 eng d
020 ## - INTERNATIONAL STANDARD BOOK NUMBER
International Standard Book Number 0632009020 (cased) :
International Standard Book Number 0632008830 (pbk) :
035 ## - SYSTEM CONTROL NUMBER
System control number (BD-RjUL)37104
System control number (BD-RjUL)
040 ## - CATALOGING SOURCE
Original cataloging agency BD-RjUL
Language of cataloging eng
Transcribing agency BD-RjUL
041 ## - LANGUAGE CODE
Language code of text/sound track or separate title eng
082 ## - DEWEY DECIMAL CLASSIFICATION NUMBER
Edition number 20
Classification number 591.51
Author mark and year ANI 1983
245 00 - TITLE STATEMENT
Title Causes and effects /
Statement of responsibility, etc. edited by T.R. Halliday and P.J.B. Slater.
260 0# - PUBLICATION, DISTRIBUTION, ETC. (IMPRINT)
Place of publication, distribution, etc. Oxford :
Name of publisher, distributor, etc. Blackwell Scientific,
Date of publication, distribution, etc. 1983.
300 ## - PHYSICAL DESCRIPTION
Pagination ix, 228 p. :
Illustrations ill. ;
Size 23 cm.
490 1# - SERIES STATEMENT
Series statement Animal behaviour ;
Volume/sequential designation v.1
500 ## - GENERAL NOTE
General note Animals. Behaviour (BNB/PRECIS)
504 ## - BIBLIOGRAPHY, ETC. NOTE
Bibliography, etc Bibliography: p. 197-220. - Includes index.
650 #0 - SUBJECT ADDED ENTRY--TOPICAL TERM
Topical term or geographic name as entry element Animal behavior.
9 (RLIN) 113082
700 10 - ADDED ENTRY--PERSONAL NAME
Personal name Halliday, Tim,
Dates associated with a name 1945-
Personal name Slater, P. J. B.
Fuller form of name (Peter James Bramwell),
Dates associated with a name 1942-
830 #0 - SERIES ADDED ENTRY--UNIFORM TITLE
Volume number/sequential designation v.1.
830 #0 - SERIES ADDED ENTRY--UNIFORM TITLE
Uniform title Animal behaviour (Blackwell Scientific) ;
942 ## - ADDED ENTRY ELEMENTS (KOHA)
Source of classification or shelving scheme Dewey Decimal Classification
Koha item type Books
Holdings
Lost status Source of classification or shelving scheme Damaged status Not for loan Collection code Permanent Location Current Location Shelving location Date acquired Source of acquisition Total Checkouts Full call number Date last seen Copy number Koha item type
  Dewey Decimal Classification   Not For Loan Non-fiction Institute of Biological Sciences (IBSc) Library Institute of Biological Sciences (IBSc) Library   30/09/2014 British Councial   591.51 ANI 1983 30/09/2014 C-1 Books